000
00281nam a2200121Ia 4500
008
190216s9999||||xx |||||||||||||| ||und||
100
_a
Sreedhara Menon.A
245
0
_a
Indian History
260
_b
S Vishwanathan
_c
1981
300
_a
162p
650
_a
Indian History
942
_c
BK
999
_c
18624
_d
18624